Statistiques concernant La Famille Addams

Cliquez ici pour prendre le quiz!

Statistiques générales

  • Ce quiz a été pris 51 fois
    (44 depuis la dernière actualisation)
  • Le résultat moyen est 5 sur 9

Statistiques - réponses

MembreRéponse% Correct
La filleMercredi Addams
100%
La mèreMorticia Addams
74%
L'oncleFétide Addams
69%
La mainLa Chose
69%
Le pèreGomez Addams
51%
Le filsPugsley Addams
37%
Le cousinMachin
31%
Le majordomeMax
20%
Le bébéPuberté Addams
11%

Distribution des résultats

Percentile par nombre de réponses

% des personnes avec chaque résultat

Votre développement - résultats

Vous n’avez pas pris ce quiz depuis la dernière actualisation